000 00702nam a2200289Ia 4500
005 20260324141707.0
008 008 260324s9999 xx 000 0 eng d
020 _a9781003575177
037 _aEBOOK
040 _aCRL
040 _beng
040 _cCRL
041 _2eng
041 _aeng
084 _qCRL
100 _aErika Kress-Rogers
_91209153
245 0 _aHandbook of Biosensors and Electronic Noses
245 0 _bMedicine, Food, and the Environment
260 _bTaylor and Francis
260 _c1996
365 _a
365 _b465
856 _uhttp://www.taylorfrancis.com/books/9781003575177
942 _cEBOOK
999 _c1812520
_d1812520